000 00922nas a2200301 4500
001 BR2015001766
003 BR-BrBNA
005 20231205125144.0
007 ta
008 230509b bl.|||p| |||| 00| 00por d
040 _aBR-BrBNA
_bpor
_cBiblioteca Nacional de Agricultura
041 _a(En)
072 _aF60
100 1 _aFigueiredo, M. do V.B.
100 1 _aBezerra-Neto, E.
100 1 _aBurity, H.A.
245 1 _aWater stress response on the enzymatic activity in cowpea nodules
650 _aFEIJAO DE CORDA
650 _aRELACAO AGUA-PLANTA
650 _aSTRESS
650 _aNITRATO
650 _aVIGNA UNGUICULATA
650 _aNODULO
773 0 _tBrazilian Journal of Microbiology (Brazil)
_xISSN 1517-8382
_g(Aug-Oct 2001), v. 32(3) p. 195-200
_wBR2015001766
856 4 0 _uhttp://www.scielo.br/pdf/bjm/v32n3/7735.pdf
909 _a202311
_bLúcia
_c55
_dLúcia Elande
942 _2AGRIS
_n0
_cANA
999 _c242935
_d242935